000 00879nac a22002537a 4500
001 BR7200009
003 BR-BrBNA
005 20240814094736.0
008 230509b bl.|||m| |||| 00| 0 por d
040 _aBR-BrBNA
_bpor
072 _aC00; E30
090 _aC00
_bBR7200009
110 1 _aAssociação Nordestina de Credito e Assistência Rural do Estado de Alagoas
_9705
245 1 _aRelatório de atividades desenvolvidas pela extensão rural no estado de Alagoas no ano de 1972 /
260 3 _aMaceio, AL (Brasil):
_c1972.
300 _av. 1
490 _aRelatório - Associação Nordestina de Credito e Assistência Rural do Estado de Alagoas
650 _aEXTENSAO RURAL
650 _aDESENVOLVIMENTO AGRICOLA
650 _aASSISTENCIA TECNICA
650 _aALAGOAS
909 _a08/2024
_bSARAH
942 _cMS
999 _c263716
_d263716